<?xml version="1.0" encoding="UTF-8"?>
<record
    xmlns:xsi="http://www.w3.org/2001/XMLSchema-instance"
    xsi:schemaLocation="http://www.loc.gov/MARC21/slim http://www.loc.gov/standards/marcxml/schema/MARC21slim.xsd"
    xmlns="http://www.loc.gov/MARC21/slim">

  <leader>01247aab a2200181 i 4500</leader>
  <controlfield tag="001">768714001</controlfield>
  <controlfield tag="003">CO-MdFUSB</controlfield>
  <controlfield tag="005">20240424100545.0</controlfield>
  <controlfield tag="008">240424t1999    ck ||||| |||| 00| 0 spa d</controlfield>
  <datafield tag="040" ind1=" " ind2=" ">
    <subfield code="b">spa</subfield>
    <subfield code="c">CO-MdFUSB</subfield>
  </datafield>
  <datafield tag="041" ind1=" " ind2=" ">
    <subfield code="a">spa</subfield>
  </datafield>
  <datafield tag="100" ind1="1" ind2=" ">
    <subfield code="a">Solano, Lilia</subfield>
    <subfield code="e">autor</subfield>
  </datafield>
  <datafield tag="245" ind1="1" ind2="0">
    <subfield code="a">&#xC9;tica y vida</subfield>
    <subfield code="c">/ Lilia Solano</subfield>
  </datafield>
  <datafield tag="300" ind1=" " ind2=" ">
    <subfield code="a">Volumen 18, n&#xFA;mero 4 (octubre - diciembre, 1999), p&#xE1;ginas:   38 - 39</subfield>
    <subfield code="c">; 27 cm</subfield>
  </datafield>
  <datafield tag="520" ind1=" " ind2=" ">
    <subfield code="a">Van R. Potter acu&#xF1;&#xF3; el t&#xE9;rmino bio&#xE9;tica en 1970. Su finalidad era combinar dos ra&#xED;ces griegas: bios, para nombrar el proceso y la atm&#xF3;sfera que se desarrollaba en el campo de las llamadas ciencias de la vida (ecolog&#xED;a, biolog&#xED;a, medicina, etc.). ) en las &#xFA;ltimas d&#xE9;cadas, cuya ra&#xED;z puede significar el respeto a los valores en el fragor de los conflictos de la vida. Potter propuso la integraci&#xF3;n de la ciencia y la vida, sin imaginar que no surgir&#xED;a un conflicto porque ser&#xED;a imposible, pero afirmando lo que el m&#xE9;dico y fil&#xF3;sofo Diego Gracia llama el "punto de vista responsable", desde entonces se han escrito muchos escritos interdisciplinarios.</subfield>
  </datafield>
  <datafield tag="773" ind1="0" ind2=" ">
    <subfield code="t">Iglesia y Misi&#xF3;n</subfield>
    <subfield code="0">49402</subfield>
    <subfield code="9">59630</subfield>
    <subfield code="g">Volumen 18, n&#xFA;mero 4 (octubre - diciembre, 1999), p&#xE1;ginas:  38 - 39</subfield>
    <subfield code="q">p&#xE1;ginas:  38</subfield>
  </datafield>
  <datafield tag="942" ind1=" " ind2=" ">
    <subfield code="c">ANA</subfield>
  </datafield>
  <datafield tag="999" ind1=" " ind2=" ">
    <subfield code="c">52428</subfield>
    <subfield code="d">52428</subfield>
  </datafield>
</record>
